000 01279 a2200421 4500
001 115336
020 _a9789862161197 (pbk.)
041 _apor
090 _aYear 3 [Fic]
100 _aOsborne, Mary Pope.
250 _aComplex Chinese ed.
300 _a97, 141 p.
490 _aMagic tree house
697 _aBrothers and sisters - Fiction.
697 _aDepressions - 1929 - Fiction.
697 _aGreat Depression, 1929-1939 - Fiction.
697 _aMagic
697 _aMagic - Fiction.
697 _aNew York (N.Y.) - History - 1898-1951
697 _aNew York (N.Y.) - History - 1898-1951 - Fiction.
697 _aSiblings - Fiction.
697 _aUnicorns
697 _aChinese language materials - Bilingual.
697 _aNew York (N.Y.) - History - Fiction.
697 _aUnicorns - Fiction.
697 _aTime travel
697 _aTree houses - Fiction.
697 _aBilingual books - Chinese-English.
697 _aBrothers and sisters
697 _aDepressions - 1929
697 _aTime travel - Fiction.
697 _aTree houses
830 _aMagic tree house
040 _aBR-BrIDEA
_cBR-BrIDEA
245 1 0 _aBlizzard of the blue moon
_c Mary Pope Osborne
260 _a[S.l.]
_bGlobal Kids Books
_c2008
942 _cBK
999 _c115336
_d115336